header

Northern fishes (Record no. 39550)

MARC details
000 -LEADER
fixed length control field 01430nam a2200361 a 4500
082 04 - DEWEY DECIMAL CLASSIFICATION NUMBER
Classification number 597.09776
100 1# - MAIN ENTRY--AUTHOR NAME
Personal name Eddy, Samuel,
245 10 - TITLE STATEMENT
Title Northern fishes
250 ## - EDITION STATEMENT
Edition statement Rev. [i.e. 2nd] ed.
260 ## - PUBLICATION, DISTRIBUTION, ETC. (IMPRINT)
Place of publication Minneapolis :
Name of publisher University of Minnesota Press,
Year of publication [1947]
300 ## - PHYSICAL DESCRIPTION
Number of Pages xii, 276 p. :
Other physical details ill. (part col.), map.
650 #0 - SUBJECT ADDED ENTRY--TOPICAL TERM
Topical Term Fishes
Topical Term Fishes
Topical Term Freshwater fishes.
700 1# - ADDED ENTRY--PERSONAL NAME
Personal name Surber, Thaddeus,
856 40 - ELECTRONIC LOCATION AND ACCESS
Uniform Resource Identifier http://site.ebrary.com/lib/rucke/Doc?id=10231155

No items available.

© 2026 Rongo University
Contact us: librarian | system librarian | Rongo university